000 00381nam a22001457a 4500
005 20251108165549.0
008 250721s1991 xx 000 0 ara d
082 1 4 _aط/210/منة
245 1 0 _aمنهاج المسلم الصغير /
264 1 _aالقاهرة :
_bشركة سفير،
_c1991.
300 _a
650 1 7 _aالإسلام
942 _2ddc
_cBK
999 _c30888
_d30888